Στοιχεία ουτοπίας και δυστοπίας στο έργο του John Ronald Reuel Tolkien : διπλωματική εργασία [μεταπτυχιακή εργασία]

Αποθηκεύτηκε σε:
Λεπτομέρειες βιβλιογραφικής εγγραφής
Κύριος συγγραφέας: Διακαντώνης, Ηλίας Ν.
Συγγραφή απο Οργανισμό/Αρχή: Πανεπιστήμιο Αιγαίου Σχολή Ανθρωπιστικών Επιστημών Τμήμα Επιστημών της Προσχολικής Αγωγής και του Εκπαιδευτικού Σχεδιασμού Μεταπτυχιακό Πρόγραμμα Σπουδών Παιδικό Βιβλίο και Παιδαγωγικό Υλικό
Άλλοι συγγραφείς: Παπαντωνάκης, Γεώργιος Δ., 1950- (Εισηγητής διατριβής)
Μορφή: Thesis Βιβλίο
Γλώσσα:Greek
Δημοσίευση: 2013
Θέματα:
Διαθέσιμο Online:http://hdl.handle.net/11610/13765
Ετικέτες: Προσθήκη ετικέτας
Δεν υπάρχουν, Καταχωρήστε ετικέτα πρώτοι!

MARC

LEADER 00000cam a2200000 i 4500
001 1/32444
008 130701s2013 gre d
035 |l 10114915 
040 |a GR-MY-UA  |b gre  |e aacr 
041 0 |a gre 
082 0 |a 321.07  |2 (22) 
100 1 |a Διακαντώνης, Ηλίας Ν. 
245 1 0 |a Στοιχεία ουτοπίας και δυστοπίας στο έργο του John Ronald Reuel Tolkien :  |b διπλωματική εργασία [μεταπτυχιακή εργασία] /  |c Ηλίας Ν. Διακαντώνης ; επιβλέπων: Παπαντωνάκης Γεώργιος 
260 |c 2013 
300 |a 217 σ.;  |c 30 εκ. 
500 |a Μέλη εξεταστικής επιτροπής: Αναγνωστοπούλου Διαμάντη, Παπαδάτος Ιωάννης 
502 |a Διατριβή (μεταπτυχιακή) – Πανεπιστήμιο Αιγαίου, Ρόδος, 2013. 
504 |a Βιβλιογραφία: σ. 213-217 
600 1 0 |a Tolkien, J. R. R.   |q (John Ronald Reuel),   |d 1892-1973. 
650 0 0 |a Utopias. 
650 0 0 |a Fantasy fiction, English  |x History and criticism. 
650 0 0 |a Middle Earth (Imaginary place)  |x Fiction. 
650 0 0 |a Dissertations, Academic  |z Greece. 
700 1 |a Παπαντωνάκης, Γεώργιος Δ.,   |d 1950-  |4 ths 
710 1 |a Πανεπιστήμιο Αιγαίου   |b Σχολή Ανθρωπιστικών Επιστημών   |b Τμήμα Επιστημών της Προσχολικής Αγωγής και του Εκπαιδευτικού Σχεδιασμού   |b Μεταπτυχιακό Πρόγραμμα Σπουδών Παιδικό Βιβλίο και Παιδαγωγικό Υλικό. 
852 |a INST  |b RHODES  |c DIATR  |e 20130701  |h 321.07 ΔΙΑ  |p 005400035401  |q 005400035401  |t MTXE  |y 23 
852 |a INST  |b RHODES  |c DIATR  |e 20130701  |h 321.07 ΔΙΑ  |p 005400035402  |q 005400035402  |t MTXE  |y 23 
856 |u http://hdl.handle.net/11610/13765 
901 |a BIBL4-2012-2 
909 |a Ρ  |b 176931 
909 |a Ρ  |b 176932 
924 |a ΔΙΑΚΑΝΤΩΝΗΣ  |b ΗΛΙΑΣ Ν.  |y ΡΟΔΟΣ  |z 2013 
970 |z 2013/07/01